00376nam a22001217a 450000500170000002000320001703500130004903700130006210000240007524500950009926000380019430000220023220120615112423.0 a8185495700cRs.595.00 (hbk) aB-107364 aDPLbENG aOman, John Campbell aReligious festivals and caste system in India during 19th century /cby John Campbell Oman aNew DelhibKhama Publishersc2003 av, 302p.c20 cms.